000
00317 a2200157 4500
001
193085
020
_a
978-85-7530-398-6
040
_c
Magnum
100
_a
Trindade, Kátia
240
1
0
_a
Humildade
_l
por
245
1
0
_a
Humildade
300
_a
8
362
0
_a
2015
697
_a
LITERATURA INFANTIL
942
_c
BK
999
_c
193085
_d
193085